000
00250nam a2200097Ia 4500
001
1110169
005
20250827003846.0
008
250824s9999 xx 000 0 und d
245
0
_a
TAVŞAN İLE KEKLİK
_c
UMAY ATEŞ
260
_b
MODEL ÇOCUK YAYIN EVİ
999
_c
1110169
_d
1110169